000 00509nam a2200205 i 4500
001 2207432
005 20180302034850.0
008 750616s1975 nyua p 001 0 eng
010 _a 74084641
020 _a0879010371
040 _aDLC
_cDLC
_dDLC
041 _aeng
080 _a512.9042 gay
082 0 0 _a512.9042 gay
100 _a35
101 _amat
245 0 0 _aIntroductory algebra /
_cDennis Bila ... [et al.].
906 _a7
_bcbc
_corignew
_d2
_eopcn
_f19
_gy-gencatlg
942 _2ddc
_cBK
999 _c43941
_d43941